000 00642cam a2200193 i 4500
005 20251204115404.0
008 250721s2001 jo gr 000 0 ara d
082 1 4 _a214.4
_bج ب ا
100 1 _aالجبالي، أبو محمد
_eمؤلف.
245 1 0 _aعالم الملائكة /
_cابو محمد الجبالي.
264 3 1 _aبيروت :
_bدار اليوسف،
_c2001.
264 3 1 _aعمان :
_bمكتبة الامام علي للنشر،
_c2001.
300 _a143 صفحه.
650 1 7 _aالملائكة.
650 1 7 _aالإسلام.
650 1 7 _aالمسيحية.
942 _2ddc
_cBK
999 _c48751
_d48751